Coaching golf successfully
| Main Author: | Madonna, Bill |
|---|---|
| Published: |
Champaign, IL:
Human Kinetics,
2001.
|
| Subjects: |
| LEADER | 00557cam a2200181 7i4500 | ||
|---|---|---|---|
| 001 | 0000005010 | ||
| 005 | 20120529090000.0 | ||
| 020 | |a 0736033912 (pbk.) | ||
| 020 | |a 9780736033916 | ||
| 050 | 0 | 0 | |a GV979.C6 MAD 2001 |
| 090 | 0 | 0 | |a GV979.C6 |b M33 2001 |
| 100 | 1 | |a Madonna, Bill | |
| 245 | 1 | 0 | |a Coaching golf successfully |c Bill Madonna. |
| 260 | |a Champaign, IL: |b Human Kinetics, |c 2001. | ||
| 300 | |a xiv, 191 p.: |b ill.; |c 28 cm. | ||
| 504 | |a Includes bibliographical references and index | ||
| 650 | 0 | 0 | |a Golf -- |x Coaching |
| 998 | 0 | 0 | |a Sport Management Industry, Diploma |


